| 000 | 00450cam a2200169 i 4500 | ||
|---|---|---|---|
| 020 | _a9788178245379 | ||
| 020 | _a817824537X | ||
| 041 | _aENG | ||
| 082 | 0 | 4 |
_a297.0954 _bROB |
| 100 | 1 | _aRobinson, Francis, | |
| 245 | 1 | 4 | _aThe Muslim world in modern South Asia : Power , Authority, Knowledge |
| 260 |
_aHyderabad _bOrient Black Swan _c2019 |
||
| 300 | _axix, 397 pages ; | ||
| 650 | 0 | _aIslamic renewal | |
| 650 | 0 | _aIslamic renewal. | |
| 942 | _cBK | ||
| 999 |
_c23149 _d23149 |
||